Countries Bordering Brazil - Statistics

General Stats
  • This quiz has been taken 132,341 times
    129,503 since last reset
  • The average score is 9 of 10
Answer Stats
Length Country % Correct
1,261 km Argentina
99%
1,068 km Uruguay
97%
1,644 km Colombia
96%
1,365 km Paraguay
96%
2,995 km Peru
95%
2,200 km Venezuela
95%
3,423 km Bolivia
94%
593 km Suriname
92%
1,606 km Guyana
90%
730 km France (French Guiana)
83%
No matching quizzes found
Score Distribution
Percent of People with Each Score
Percentile by Number Answered
Your Score History
You have not taken this quiz since the last reset